El embrujo de Sevilla /

-д хадгалсан:
Номзүйн дэлгэрэнгүй
Үндсэн зохиолч: Reyles, Carlos (autor)
Формат: Ном
Хэл сонгох:испани
Хэвлэсэн: Buenos Aires, Argentina : Espasa-Calpe, 1966, c1966
Цуврал:(Austral ; 208)
Нөхцлүүд:
Шошгууд: Шошго нэмэх
Шошго байхгүй, Энэхүү баримтыг шошголох эхний хүн болох!

MARC

LEADER 00000nam^a2200000^a^4500
001 000278597
005 20250521000000.0
009 20260310111409.286
037 |a Acervo Xavier Clavigero 
041 |a ESP 
082 |a 808.  |b AUS V. 208 
100 |a Reyles, Carlos  |e (autor) 
240 1 4 |a [El embrujo de Sevilla] 
245 1 3 |a El embrujo de Sevilla /  |c C. Reyles. 
264 4 |a Buenos Aires, Argentina :  |b Espasa-Calpe,  |c 1966, c1966 
300 |a 180 p. 
336 |a texto  |b txt  |2 rdacontenido 
337 |a sin mediación  |b n  |2 rdamedio 
338 |a volumen  |b nc  |2 rdasoporte 
440 1 |a (Austral ;  |v 208) 
649 |a XX 
650 |a Novela Uruguaya 
650 |a Literatura Uruguaya -  |y Siglo XX 
650 |a Andalucía, España en la Literatura 
650 |a España en la Literatura 
910 |a Fondo General 
920 |a Impresos - Libros 
930 |a Colección General 
940 |a Literatura 
905 |a 101 
901 |a 007430  |b IT1  |c LIT  |u 20250521 
902 |a https://opac.biblio.iteso.mx/vufind/Record/000278597